| 000 | 01691cam a22004334a 4500 | ||
|---|---|---|---|
| 999 |
_c234456 _d234456 |
||
| 001 | 15205393 | ||
| 003 | Nust | ||
| 005 | 20170321111411.0 | ||
| 008 | 080304s2004 ne ac b 001 0 eng c | ||
| 010 | _a 2008271651 | ||
| 015 |
_aGBA527408 _2bnb |
||
| 016 | 7 |
_a101263861 _2DNLM |
|
| 016 | 7 |
_a013159084 _2Uk |
|
| 016 |
_aB0514202 _2bccb |
||
| 020 | _a1402026390 (hb : alk paper) | ||
| 020 | _a81-8128-544-1 | ||
| 035 | _a(OCoLC)ocm58998368 | ||
| 040 | _cASAB | ||
| 042 |
_aukblsr _apcc |
||
| 050 | 0 | 0 |
_aQH324.2 _b.N49 2004 |
| 060 | 0 | 0 | _a2006 E-371 |
| 060 | 1 | 0 |
_aQU 26.5 _bN532 2004 |
| 072 | 7 |
_aQH _2lcco |
|
| 082 | 0 | 0 |
_a570.285 _222 |
| 245 | 0 | 4 |
_aThe new avenues in bioinformatics / _cedited by Joseph Seckbach and Eitan Rubin. |
| 260 |
_aDordrecht : _aBoston : _bKluwer Academic Publishers, _cc2004. |
||
| 300 |
_axxvi, 281 p. : _bill., ports. ; _c25 cm. |
||
| 440 | 0 |
_aCellular origin and life in extreme habitats and astrobiology ; _vv. 8 |
|
| 504 | _aIncludes bibliographical references and index. | ||
| 650 | 0 | _aBioinformatics. | |
| 650 | 1 | 2 | _aComputational Biology. |
| 700 | 1 |
_aSeckbach, J. _q(Joseph) |
|
| 700 | 1 | _aRubin, Eitan. | |
| 856 | 4 | 2 |
_3Publisher description _uhttp://www.loc.gov/catdir/enhancements/fy0823/2008271651-d.html |
| 856 | 4 | 1 |
_3Table of contents only _uhttp://www.loc.gov/catdir/enhancements/fy0823/2008271651-t.html |
| 906 |
_a7 _bcbc _cpccadap _d2 _encip _f20 _gy-gencatlg |
||
| 942 |
_2ddc _cBK |
||